[Event "RUS-chT 19th"]
[Site "Sochi"]
[Date "2012.04.12"]
[Round "4"]
[White "Ivanov, Alexander Al"]
[Black "Tovmasian, Vardges"]
[Result "0-1"]
[WhiteElo "2433"]
[BlackElo "2420"]
[PlyCount "118"]
[EventDate "2012.04.09"]
[EventType "team-swiss"]
[EventRounds "7"]
[EventCountry "RUS"]
[SourceTitle "CBM 148"]
[Source "ChessBase"]
[SourceDate "2012.05.16"]
[SourceVersion "1"]
[SourceVersionDate "2012.05.16"]
[SourceQuality "1"]
[WhiteTeam "Belgorod Rakita"]
[BlackTeam "Desnogorsk Atom"]
[WhiteTeamCountry "RUS"]
[BlackTeamCountry "RUS"]

1. e4 c5 2. Nf3 e6 3. d3 Nc6 4. g3 g6 5. Bg2 Bg7 6. 0-0 Nge7 7. Re1 d6 8. Nbd2 Rb8 9. a4 a6 10. c3 b5 11. axb5 axb5 12. Qc2 0-0 13. Nb3 b4 14. Be3 Qb6 15. Nfd2 Ba6 16. f4 Rfc8 17. Bf2 e5 18. f5 f6 19. g4 Bh6 20. c4 Nd4 21. Nxd4 cxd4 22. Qb3 Bxd2 23. c5+ Bc4 24. Qxc4+ d5 25. Qb3 Rxc5 26. Re2 Bf4 27. exd5 Kg7 28. Be4 gxf5 29. gxf5 Qd6 30. Rc2 Rxc2 31. Qxc2 Kh6 32. Qc4 Rg8+ 33. Kh1 Rc8 34. Qb3 Qd7 35. Ra6 Rc1+ 36. Kg2 Ng8 37. Rc6 Qg7+ 38. Bg3 Re1 39. Bf3 Re3 40. Qd1 Ne7 41. Rc7 e4 42. Rxe7 exf3+ 43. Qxf3 Rxe7 44. Qxf4+ Qg5 45. d6 Re2+ 46. Kf3 Re3+ 47. Kf2 Re8 48. Kf3 Kg7 49. Qxg5+ fxg5 50. Be1 Kf6 51. Bxb4 Kxf5 52. Bc5 Re3+ 53. Kf2 Ke6 54. Bxd4 Rxd3 55. Be3 g4 56. b4 Kxd6 57. b5 Rb3 58. b6 Ke5 59. Bc5 Rb5 0-1

[Event "RUS-chT 18th"]
[Site "Olginka"]
[Date "2011.04.15"]
[Round "4"]
[White "Ivanov, Alexander Al"]
[Black "Kljucharev, Sergey"]
[Result "1/2-1/2"]
[WhiteElo "2460"]
[BlackElo "2375"]
[PlyCount "136"]
[EventDate "2011.04.12"]
[EventType "team-tourn"]
[EventRounds "11"]
[EventCountry "RUS"]
[SourceTitle "EXT 2020"]
[Source "ChessBase"]
[SourceDate "2019.10.17"]
[SourceVersion "1"]
[SourceVersionDate "2019.10.17"]
[SourceQuality "1"]
[WhiteTeam "Belgorod BelGu"]
[BlackTeam "Kemerovo"]
[WhiteTeamCountry "RUS"]
[BlackTeamCountry "RUS"]

1. e4 c5 2. Nf3 e6 3. c3 Nf6 4. d3 Nc6 5. g3 d5 6. e5 Nd7 7. Qe2 Qc7 8. Bf4 Be7 9. h4 b6 10. Nbd2 Bb7 11. a3 b5 12. Bh3 a5 13. 0-0 Nb6 14. Rfe1 Rd8 15. d4 cxd4 16. Nxd4 Nxd4 17. cxd4 Nc4 18. Nf3 h6 19. h5 Qb6 20. Red1 Ba6 21. Bf1 a4 22. Bc1 Ra8 23. Ne1 Na5 24. Qg4 Bf8 25. Nc2 Nb3 26. Rb1 Rc8 27. Nb4 Bb7 28. Be3 Rc7 29. Bd3 Kd8 30. Re1 Kc8 31. Re2 Kb8 32. Rc2 Rc4 33. Bxc4 bxc4 34. Na2 Bc6 35. Nc1 Rg8 36. Nxb3 axb3 37. Rcc1 g5 38. f4 Be7 39. f5 Bd7 40. fxe6 Bxe6 41. Qf3 Qb7 42. Rf1 Ka7 43. Bd2 Ka6 44. Bb4 Bd8 45. Bc5 Qd7 46. a4 g4 47. Qc3 Rg5 48. Qb4 Qb7 49. Qd2 Rxh5 50. Rf2 Rh3 51. Kg2 Bg5 52. Qe2 Qd7 53. Rh1 Rxh1 54. Kxh1 Qxa4 55. Qe1 Kb5 56. Kg2 Qa5 57. Qd1 Be3 58. Re2 Bg5 59. Qb1 Bd2 60. Qh7 Bb4 61. Bd6 Qb6 62. Bxb4 Kxb4 63. Rd2 Qc7 64. Qxh6 c3 65. Qf8+ Kb5 66. Rd3 Qc4 67. Qb8+ Ka6 68. Qa8+ Kb6 1/2-1/2

[Event "Moscow World Tour - 15th GM"]
[Site "Moscow"]
[Date "2011.02.07"]
[Round "7"]
[White "Ivanov, Alexander Al"]
[Black "Aldokhin, Ivan"]
[Result "1-0"]
[WhiteElo "2460"]
[BlackElo "2391"]
[PlyCount "71"]
[EventDate "2011.02.07"]
[EventType "tourn"]
[EventRounds "9"]
[EventCountry "RUS"]
[SourceTitle "EXT 2022"]
[Source "ChessBase"]
[SourceDate "2021.10.06"]
[SourceVersion "1"]
[SourceVersionDate "2021.10.06"]
[SourceQuality "1"]

1. e4 c5 2. Nf3 e6 3. d3 Nc6 4. g3 d5 5. Qe2 Nf6 6. Bg2 Be7 7. 0-0 0-0 8. Re1 dxe4 9. dxe4 e5 10. c3 a6 11. a4 Qc7 12. Nbd2 Be6 13. Ng5 Bg4 14. f3 Bd7 15. Nh3 Na5 16. b3 Qb6 17. Nc4 Nxc4 18. bxc4 Qa5 19. Qa2 Be6 20. Bf1 Qxc3 21. Re3 Qd4 22. Nf2 Ne8 23. Qa3 Qd7 24. Bb2 f6 25. f4 exf4 26. gxf4 Nd6 27. Rd1 Qc7 28. Qc3 b5 29. cxb5 axb5 30. axb5 c4 31. e5 Nxb5 32. Qe1 f5 33. Rd6 Bf7 34. Rg3 Qc5 35. e6 Bg6 36. Rd7 1-0

[Event "Moscow World Tour - 15th GM"]
[Site "Moscow"]
[Date "2011.02.07"]
[Round "1"]
[White "Kargin, Arseny"]
[Black "Ivanov, Alexander Al"]
[Result "1-0"]
[WhiteElo "2400"]
[BlackElo "2460"]
[PlyCount "37"]
[EventDate "2011.02.07"]
[EventType "tourn"]
[EventRounds "9"]
[EventCountry "RUS"]
[SourceTitle "EXT 2022"]
[Source "ChessBase"]
[SourceDate "2021.10.06"]
[SourceVersion "1"]
[SourceVersionDate "2021.10.06"]
[SourceQuality "1"]

1. e4 d6 2. d4 Nf6 3. Nc3 c6 4. f4 Qa5 5. Bd3 e5 6. Nf3 Bg4 7. Be3 Qb6 8. fxe5 dxe5 9. Qd2 Nfd7 10. Nxe5 Nxe5 11. dxe5 Qa5 12. e6 Bxe6 13. 0-0-0 Nd7 14. Bc4 Bg4 15. h3 Bxd1 16. Bxf7+ Kxf7 17. Qxd7+ Be7 18. Rf1+ Kg6 19. Nd5 1-0

[Event "Moscow World Tour - 15th GM"]
[Site "Moscow"]
[Date "2011.02.07"]
[Round "6"]
[White "Omariev, Maksim"]
[Black "Ivanov, Alexander Al"]
[Result "1/2-1/2"]
[WhiteElo "2295"]
[BlackElo "2460"]
[PlyCount "22"]
[EventDate "2011.02.07"]
[EventType "tourn"]
[EventRounds "9"]
[EventCountry "RUS"]
[SourceTitle "EXT 2022"]
[Source "ChessBase"]
[SourceDate "2021.10.06"]
[SourceVersion "1"]
[SourceVersionDate "2021.10.06"]
[SourceQuality "1"]

1. e4 d6 2. d4 Nf6 3. Nc3 e5 4. Nf3 Nbd7 5. Bc4 Be7 6. 0-0 0-0 7. Re1 c6 8. a4 a5 9. h3 exd4 10. Nxd4 Nc5 11. Bf4 Be6 1/2-1/2